| 000 | nam a22 a 4500 | ||
|---|---|---|---|
| 999 |
_c402248 _d402248 |
||
| 003 | BLK | ||
| 005 | 20211030111532.0 | ||
| 008 | 210324b bul|||||r ||||||| ||bul|| | ||
| 040 | _aBLK | ||
| 041 |
_aRUS _cRUS |
||
| 080 |
_aСоциология. Вж и 1 ; 159.9 ; 308 ; 314 ; 39 _b316 _z316 |
||
| 100 |
_aГумплович, Людвиг _eпърви автор _9444205 |
||
| 139 | _aГумплович, Людвиг | ||
| 245 | 1 | 0 |
_aОсновы социологии _cЛюдвиг Гумплович; пер. под ред. В. М. Гессена. |
| 257 | _aRUS | ||
| 260 |
_aСанкт-Петербург _bО. Н. Попова _c1897 _9217297 |
||
| 300 |
_a360 с. _c17 см |
||
| 380 | _a3 | ||
| 490 |
_9206370 _aОбразовательная библиотека _vСерия 2, № 9-10 |
||
| 490 |
_9435080 _aКолекция Редки и ценни издания |
||
| 650 | 7 |
_aСоциология _9171630 |
|
| 653 | _aсоциология | ||
| 700 |
_91212 _aГессен, В. М. _eпрев. под ред. на |
||
| 852 | _aРр 897 | ||
| 856 | 4 | _qpdf | |
| 856 | 4 | _qpdf | |
| 942 |
_cKNG _n0 _s1 |
||
| 944 |
_aCR _c2021-03-24 _l2021-03-24 _kДГ |
||
| 999 | _d402248 | ||